Document of destiny : the constitution of the Federation of Malaysia

Bibliographic Details
Main Author: Shad Saleem Faruqi
Format: Book
Published: Petaling Jaya : Star Publication , 2008
Subjects:

MARC

LEADER 00000cam a2200000 7i4500
001 0000003781
005 20110621.0
020 0 0 |a 9789839512335 
090 0 0 |a 342.59502   |b SHAD 2008 
100 0 0 |a Shad Saleem Faruqi 
245 0 0 |a Document of destiny :   |b the constitution of the Federation of Malaysia   |c Sahd Saleem Faruqi 
260 0 0 |a Petaling Jaya :   |b Star Publication ,   |c 2008 
300 |a xvi, 781 p. ;   |c 23 cm. 
500 0 0 |a Includes bibliographical references and indexes 
651 0 0 |a Constitutional law---Malaysia 
998 |a JPSM 
999 |a 007632   |b Monograph   |c Open Shelf   |e Default branch